| 000 | 00380nam a2200157Ia 4500 | ||
|---|---|---|---|
| 008 | 151213s9999 xx 000 0 und d | ||
| 100 | _aRobert P. Ward | ||
| 245 |
_aElectrical Engineering _cRobert P. Ward |
||
| 250 | _a3rd | ||
| 260 |
_aNew Delhi _bPrentic Hall _c2004 |
||
| 300 | _a7633 p. | ||
| 650 | _aE E E | ||
| 650 | _ascience | ||
| 700 | _aRobert P. Ward | ||
| 999 |
_c4021 _d4021 |
||